| 000 | 00779nam a22002297a 4500 | ||
|---|---|---|---|
| 003 | SEM | ||
| 005 | 20260701120218.0 | ||
| 008 | 260701s2010 ai ||||| ||||||01|||arm|d | ||
| 020 | _a978-9939-812-87-8 | ||
| 040 |
_aSEM _cSEM |
||
| 041 | _aarm | ||
| 080 | _a891.981-94/Ա-50 | ||
| 100 | _aԱճեմյան, Գոհար | ||
| 245 |
_aՄենք, տղաներն սփիւռքի․․․ / _cԳ․ Աճեմյան; Խմբ․ Վ․ Արյան |
||
| 260 |
_aԵրևան ։ _bՎան Արյան, _c2010․ |
||
| 300 |
_a199 էջ ; _bնկ․ ; _c16 սմ |
||
| 650 |
_aՀայ գրականություն _xհուշագրություն |
||
| 651 |
_2Հայոց պատմություն _xսփյուռք |
||
| 653 | _aՍԷՄ | ||
| 700 |
_aԱրյան, Վան _4edt. _eխմբ․ |
||
| 942 |
_2udc _cBK _n0 |
||
| 999 |
_c77348 _d77348 |
||